000
00324nam a2200121Ia 4500
008
180309s9999 xx 000 0 und d
020
_a
821777149
100
_a
Thornton, Elizabeth
245
4
_a
The worldly widow /
260
_a
USA :
_b
1990
_c
Zebra books
300
_a
416 pages
650
_a
Women publishers England Fiction
999
_c
356138
_d
356138